书目信息 |
| 题名: |
《四川省固定污染源大气挥发性有机物排放标准》实施技术指南
|
|
| 作者: | 罗彬 , 王斌 著 | |
| 分册: | ||
| 出版信息: | 北京 科学出版社 2018.11 |
|
| 页数: | 240页 | |
| 开本: | 26cm | |
| 丛书名: | ||
| 单 册: | ||
| 中图分类: | X511-62 | |
| 科图分类: | ||
| 主题词: | 固定污染源--gu ding wu ran yuan--大气污染物--挥发性有机物--污染物排放标准--四川--指南 | |
| 电子资源: | ||
| ISBN: | 978-7-03-059172-2 | |
| 000 | 01190nam0 2200253 450 | |
| 001 | 0100011097 | |
| 005 | 20190905093952.0 | |
| 010 | @a978-7-03-059172-2@dCNY109.00 | |
| 100 | @a20190904d2018 em y0chiy50 ea | |
| 101 | 0 | @achi |
| 102 | @aCN@b110000 | |
| 105 | @aak a 000yy | |
| 106 | @ar | |
| 200 | 1 | @a《四川省固定污染源大气挥发性有机物排放标准》实施技术指南@A《 si chuan sheng gu ding wu ran yuan da qi hui fa xing you ji wu pai fang biao zhun 》 shi shi ji shu zhi nan@eDB 51/2377-2017@f罗彬, 王斌等著 |
| 210 | @a北京@c科学出版社@d2018.11 | |
| 215 | @a240页@c图@d26cm | |
| 320 | @a有书目 (第198-199页) | |
| 330 | @a本书开展了对四川省固定污染源大气挥发性有机物排放标准的研究, 有针对性地对VOCs进行控制和管理, 不仅符合国家及环保主管部门的相关要求, 还可以促进环境管理, 改善环境空气质量, 引导四川省工业行业进行产业结构调整, 促进有机废气处理技术的创新, 增强四川省在区域经济合作中的纽带作用和承接产业转移中的对接功能。 | |
| 606 | 0 | @a固定污染源@Agu ding wu ran yuan@x大气污染物@x挥发性有机物@x污染物排放标准@y四川@j指南 |
| 690 | @aX511-62@v5 | |
| 701 | 0 | @a罗彬@Aluo bin@4著 |
| 701 | 0 | @a王斌@Awang bin@4著 |
| 801 | 0 | @aCN@c20190905 |
| 905 | @a河南城建学院图书馆@dX511-62@eL935 | |
| 《四川省固定污染源大气挥发性有机物排放标准》实施技术指南:DB 51/2377-2017/罗彬, 王斌等著.-北京:科学出版社,2018.11 |
| 240页:图;26cm |
| ISBN 978-7-03-059172-2:CNY109.00 |
| 本书开展了对四川省固定污染源大气挥发性有机物排放标准的研究, 有针对性地对VOCs进行控制和管理, 不仅符合国家及环保主管部门的相关要求, 还可以促进环境管理, 改善环境空气质量, 引导四川省工业行业进行产业结构调整, 促进有机废气处理技术的创新, 增强四川省在区域经济合作中的纽带作用和承接产业转移中的对接功能。 |
| ● |
| 相关链接 |
|
|
|
正题名:《四川省固定污染源大气挥发性有机物排放标
索取号:X511-62/L935
 
预约/预借
| 序号 | 登录号 | 条形码 | 馆藏地/架位号 | 状态 | 备注 |